000 01538nam0a2200409 4500
001 RU\NLR\bibl\316686
005 20260406090158.0
010 _a5-89097-040-2
_bВ пер.
_92000
021 _aRU
_b2002-32328
_91599
035 _a(NLR Aleph) 000311768
090 _a42124
_c42124
100 _a20021008d2002 |||y0rusy50 ca
101 0 _arus
102 _aRU
105 _aa |||||||||
200 1 _aИмперское слово
_e[Сб. ст.]
_fМ. Н. Катков
210 _aМ.
_cМосква
_d2002
215 _a502 с.
_cил.
_d22
225 1 _aПути русского имперского сознания
_fСост. М.Б. Смолин
311 _aПрил. к журн. "Москва"
320 _aБиблиогр. в примеч.: с. 484-498
422 0 _12001#$aМосква
_tМосква
607 _aРоссия
_xОбщественная мысль
_z19 в.
_91402287
_3RU\NLR\auth\66277936
610 0 _aПолитические учения в России - История
610 0 _aРусская публицистика
675 _a94(47+57)<1818/1887>(092)
_v3
_zrus
675 _a929 Катков
_v3
_zrus
686 _a03.19
_2rugasnti
686 _a63.3(2)5
_2rubbk
686 _aТ3(2)51-72
700 1 _4070
_8rus
_7ca
_aКатков
_bМ. Н.
_f1818-1887
_gМихаил Никифорович
_3RU\NLR\auth\7757392
_940324
801 0 _aRU
_bRKP
_c20021008
_gPSBO
801 1 _aRU
_bRKP
_c20021008
801 2 _aRU
_bNLR
_c20071022
_grcr
942 _cBOOK
980 _aNB